00682 a2200157 45000010006000000050017000060080041000230030015000640400040000790800053001192450095001722640126002673000019003930410008004121000104004206285820260407155922.0260407a1974 arg spa dAR-UNSa-BCEJYS aAR-UNSa-BCEJYSbspacAR-UNSa-BCEJYS a339.5xComercio exterior. Comercio Internacional10aExpansión y diversificación del comercio exterior de los países de ALALC (1953-1969) 1aBuenos Aires :bBID/INTAL (Banco Interamericano de Desarrollo. Instituto para la integración de América Latina)c1974 a192 p.c27 cm. aspa1 aBanco Interamericano de Desarrollo. Instituto para la Integración de América Latina (BID-INTAL)